000
00314nam a2200133Ia 4500
008
231129s1994||||xx |||||||||||||| ||spa||
040
_b
spa
082
_a
658.4013 T693g
100
_a
Torres S. Maria A.
245
0
_a
Gestion de calidad en la industria
260
_c
1994
264
_a
Secab
942
_2
ddc
_c
BKS
999
_c
14486
_d
14486